000 00476nam a2200169Ia 4500
008 090201s9999 xx 000 0 und d
010 _aKPL-44163
040 _bमराठी
041 _aमराठी
082 _a30105
_b44163
100 _aएस. एम. काशीकर
245 _aअतृप्त
_cएस. एम. काशीकर
260 _c2004
_bवसंत
300 _a160
_bमोठा
600 _aअतृप्त
942 _cBOOK
999 _c228658
_d228658